The psychology of fear and stress /

Bibliographic Details
Main Author: Gray, Jeffrey Alan
Format: Book
Language:English
Published: New York : McGraw-Hill, [1971]
Series:World university library
Subjects:

MARC

Tag First Indicator Second Indicator Subfields
LEADER 00000cam a2200000 4500
001 in00000462178
005 20151012162346.0
008 720211s1971 nyua b 00110 eng
010 |a  70104742  
035 |a (OCoLC)00251166 
035 |9 ABZ5258AM 
040 |a DLC  |c DLC  |d IHS  |d TXA  |d UtOrBLW 
049 |a TXAM  |c [1534148] 
050 0 0 |a BF575.F2  |b G73 1971b 
082 0 |a 156/.2/432 
100 1 |a Gray, Jeffrey Alan. 
245 1 4 |a The psychology of fear and stress /  |c [by] Jeffrey A. Gray. 
264 1 |a New York :  |b McGraw-Hill,  |c [1971] 
264 4 |c [©1971] 
300 |a 256 pages :  |b illustrations ;  |c 20 cm. 
336 |a text  |b txt  |2 rdacontent 
337 |a unmediated  |b n  |2 rdamedia 
338 |a volume  |b nc  |2 rdacarrier 
490 0 |a World university library 
504 |a Bibliography: pages 248-253. 
650 0 |a Fear. 
650 0 |a Stress (Psychology) 
999 |a MARS 
999 f f |s 1937c618-4bf8-3480-8dc0-b2269c618013  |i 3c91509f-ad91-3ca2-aae7-4037a95aa261  |t 0 
952 f f |p ric  |a Texas A&M University  |b Rellis Campus  |c Joint Library Facility  |d Remote Storage  |t 0  |e BF575.F2 G73 1971b  |h Library of Congress classification  |i unmediated -- volume  |m A14801684579 
998 f f |a BF575.F2 G73 1971b  |t 0  |l Remote Storage